Poruchy stability a dynamiky chrbtice a neuroticizmus pri funkčných poruchách hlasu

Bibliographic Details
Main Authors: Krahulec, I. (Author), Urbanová, Oľga (Author), Rafajdusová, I. (Author)
Format: Article
Language:Slovak
PhysicalDescription:Tb. 2. Res. rus., angl., lit. 12 zázn. v slov., češ., nem.
Subjects:

MARC

LEADER 00000nab a2200000 a 4500
001 vtls000211182
003 SK-MaSNL
005 20260304230453.0
008 220422c1985 xo 0 slo
015 |a SNBRB19rr/mm-uuuuu 
035 |a CL0221295 
040 |a SNKBUCL  |b slo  |c SNKBUCL  |e AACR2 
041 0 |a slo 
044 |a xo  |c SK 
080 |a 616.225-008  |2 1981 
080 |a 616.711-008  |2 1981 
080 |a 616.891  |2 1981 
080 |a 615.2  |2 1981 
100 1 |a Krahulec, I.  |4 aut  |9 926754 
245 1 0 |a Poruchy stability a dynamiky chrbtice a neuroticizmus pri funkčných poruchách hlasu  |c I. Krahulec, O. Urbanová, I. Rafajdusová 
300 |b Tb. 2. Res. rus., angl., lit. 12 zázn. v slov., češ., nem. 
650 0 7 |a hlas  |2 snkbucl  |9 22207 
650 0 7 |a chrbtica  |2 snkbucl  |9 15765 
655 7 |a články z novín a časopisov  |2 snkbucl  |9 267496 
700 1 |a Urbanová, Oľga  |4 aut  |9 934486 
700 1 |a Rafajdusová, I.  |4 aut  |9 926756 
773 0 |t Československá otolaryngologie  |g Roč. 34, č. 2 (1985), s. 92-95 
850 |a Slovenská národná knižnica v Martine  |a MTA001 
852 |a SNK  |b KIS3GCP 
958 |a NB 
958 |a RK 
958 |a ME 
992 |a RBX 
999 |c 3183242  |d 3185172